[Event "Slow!!"]
[Site "SchemingMind.com"]
[Date "2011.06.16"]
[Round "-"]
[White "Majoanis"]
[Black "tyler_ensor"]
[Result "0-1"]
[WhiteCountry "CAN"]
[BlackCountry "CAN"]
[WhiteElo "1546"]
[WhiteRD "74"]
[BlackElo "1752"]
[BlackRD "57"]
[GameID "286782"]

1. c4 g6 2. Nf3 Bg7 3. d4 f5 4. g3 Nf6 5. Bg2 d6 6. O-O O-O 7. Nc3 c6 8. d5 e5 9. dxe6 Bxe6 10. Qd3 Na6
0-1

[Event "Slow!!"]
[Site "SchemingMind.com"]
[Date "2011.06.17"]
[Round "-"]
[White "abdre1"]
[Black "tyler_ensor"]
[Result "1-0"]
[WhiteCountry "USA"]
[BlackCountry "CAN"]
[WhiteElo "1856"]
[WhiteRD "103"]
[BlackElo "1752"]
[BlackRD "57"]
[GameID "286897"]

1. d4 Nf6 2. Nf3 e6 3. e3 d5 4. Nc3 c5 5. Bb5+ Bd7 6. Ne5 Bxb5 7. Nxb5 Qa5+ 8. Nc3 Bd6 9. O-O O-O 10. Qe2 Nbd7
11. Ng4 Nxg4 12. Qxg4
1-0

[Event "Slow!!"]
[Site "SchemingMind.com"]
[Date "2011.06.17"]
[Round "-"]
[White "tyler_ensor"]
[Black "abdre1"]
[Result "0-1"]
[WhiteCountry "CAN"]
[BlackCountry "USA"]
[WhiteElo "1663"]
[WhiteRD "58"]
[BlackElo "1880"]
[BlackRD "103"]
[GameID "286899"]

1. d4 Nf6 2. c4 e6 3. Nc3 b6 4. e4 Bb4 5. Bd3 Bb7 6. Ne2 Nxe4 7. O-O d5 8. Nxe4 dxe4 9. Qa4+ Qd7 10. Qxb4 Nc6
11. Qd2 exd3 12. Qxd3 Nb4
0-1

[Event "Slow!!"]
[Site "SchemingMind.com"]
[Date "2011.06.23"]
[Round "-"]
[White "emvarela"]
[Black "abdre1"]
[Result "1-0"]
[WhiteCountry "ARG"]
[BlackCountry "USA"]
[WhiteElo "1697"]
[WhiteRD "45"]
[BlackElo "1659"]
[BlackRD "110"]
[GameID "287060"]

1. e4 c5 2. Nf3 Nc6 3. d4 cxd4 4. Nxd4 e5 5. Nxc6 bxc6 6. Bc4 Nf6 7. Bg5 Be7 8. Qe2 Qa5+ 9. c3 Bb7 10. Bxf6 Bxf6
11. Nd2 O-O 12. O-O Rad8 13. Nb3 Qb6 14. Rad1 d6 15. g3 d5 16. exd5 cxd5 17. Bd3 e4 18. Bc2 Rfe8 19. Qe3 Ba6 20. Qxb6 axb6
21. Rfe1 Bg5 22. Nd4 e3 23. f4 e2 24. Rd2 Rd6 25. Bd3 Bxd3 26. Rxd3 Bf6 27. Rxe2 Rxe2 28. Nxe2 h6 29. Nd4 Bxd4+ 30. Rxd4 b5
31. Kf2 Kf8 32. a4 bxa4 33. Rxa4 Rc6 34. Rd4 Rb6 35. Rb4 Rxb4 36. cxb4 Ke8 37. Ke3 Kd7 38. Kd4 Kc6 39. b5+ Kxb5 40. Kxd5 g5
41. fxg5 hxg5 42. Ke5 Kb4 43. h4 gxh4 44. gxh4 Kb3 45. Kf6 Kxb2 46. Kxf7 Kc3 47. h5 Kd4 48. h6 Ke5 49. h7 Kd5 50. h8=Q Ke4
51. Qd8 Ke5 52. Qd7 Ke4 53. Kf6 Ke3 54. Qd5
1-0

[Event "Slow!!"]
[Site "SchemingMind.com"]
[Date "2011.06.23"]
[Round "-"]
[White "abdre1"]
[Black "emvarela"]
[Result "0-1"]
[WhiteCountry "USA"]
[BlackCountry "ARG"]
[WhiteElo "1703"]
[WhiteRD "109"]
[BlackElo "1778"]
[BlackRD "48"]
[GameID "287063"]

1. d4 Nf6 2. Nf3 d5 3. e3 e6 4. Ne5 Bd6 5. Bd3 O-O 6. O-O c5 7. c3 cxd4 8. exd4 Bxe5 9. dxe5 Nc6 10. exf6 Qxf6
11. b3 e5 12. Nd2 e4 13. Nxe4 dxe4 14. Bxe4 Bf5 15. Bxf5 Qxf5 16. Qf3 Qxf3 17. gxf3 Ne5 18. Kg2 Rac8 19. Bb2 Nd3 20. Ba3 Rfe8
21. c4 Rc6 22. h3 Rg6+ 23. Kh2 Ne5 24. Rae1 Nxf3+ 25. Kh1 Rxe1 26. Rxe1 Nxe1 27. Bd6 Nf3 28. Bg3 h5 29. h4 Rg4 30. c5 f5
31. a3 f4 32. Kg2 fxg3 33. fxg3 Nxh4+ 34. Kf2 Nf5 35. b4 Rxg3 36. b5 h4 37. c6 bxc6 38. bxc6 Ne7 39. c7 g5 40. a4 a5
41. Ke2 g4 42. Kf2 Ra3
0-1

[Event "Slow!!"]
[Site "SchemingMind.com"]
[Date "2011.06.19"]
[Round "-"]
[White "jtrochez1"]
[Black "tyler_ensor"]
[Result "1-0"]
[WhiteCountry "HON"]
[BlackCountry "CAN"]
[WhiteElo "1571"]
[WhiteRD "53"]
[BlackElo "1663"]
[BlackRD "58"]
[GameID "287080"]

1. e4 c5 2. Nf3 e6 3. d4 cxd4 4. Nxd4 a6 5. Bd3 Bc5 6. Nb3 Ba7 7. Nc3 Nc6 8. Be3 Bxe3 9. fxe3 Nf6 10. a3 Qc7
11. h3 Qg3+ 12. Kf1 Qxe3 13. Qe2 Qf4+ 14. Qf3 Qxf3+ 15. gxf3 b5 16. Na2 Bb7 17. Nc5 Bc8 18. Nb4 Nd4 19. Kf2 d6 20. Nb3 Nxb3
21. cxb3 Bb7 22. Rac1 Kd7 23. a4 bxa4 24. bxa4
1-0

[Event "Slow!!"]
[Site "SchemingMind.com"]
[Date "2011.06.24"]
[Round "-"]
[White "jtrochez1"]
[Black "emvarela"]
[Result "0-1"]
[WhiteCountry "HON"]
[BlackCountry "ARG"]
[WhiteElo "1553"]
[WhiteRD "50"]
[BlackElo "1819"]
[BlackRD "48"]
[GameID "287081"]

1. e4 e5 2. Nf3 Nc6 3. d4 exd4 4. Nxd4 Bc5 5. Nxc6 Qf6 6. Qf3 Qxf3 7. gxf3 bxc6 8. a3 d5 9. Bd3 Be6 10. Be3 Bxe3
11. fxe3 dxe4 12. f4 f5 13. Ba6 Nf6 14. c4 Ng4 15. Ke2 Rb8 16. Ra2 Rb6 17. h3 Rxa6 18. b3 Nf6 19. Nc3 O-O 20. Kf2 Rd8
21. Na4 Bxc4 22. Nc5 Rb6 23. bxc4 Rdb8 24. Na4 Rb3 25. Rd1 Rd3 26. Rad2 Rbd8 27. Rxd3 Rxd3 28. Rxd3 exd3 29. Ke1 Ne4 30. Nb2 d2+
31. Kd1 h6 32. Nd3 g5 33. fxg5 hxg5 34. Ke2 g4 35. hxg4 fxg4
0-1

[Event "Slow!!"]
[Site "SchemingMind.com"]
[Date "2011.06.19"]
[Round "-"]
[White "jtrochez1"]
[Black "abdre1"]
[Result "1-0"]
[WhiteCountry "HON"]
[BlackCountry "USA"]
[WhiteElo "1656"]
[WhiteRD "48"]
[BlackElo "1785"]
[BlackRD "114"]
[GameID "287082"]

1. e4 c5 2. Nf3 Nc6 3. d4 cxd4 4. Nxd4 e5 5. Nb3 Nf6 6. Bd3 d6 7. Bg5 Be7 8. N1d2 Ng4 9. Bxe7 Qxe7 10. Nf3 O-O
11. h3 Nf6 12. a3 b6 13. O-O Bb7 14. Qe2 Rad8 15. c4 Ba6 16. Nh4 Qe6 17. Rac1 g6 18. Nd2 Nd4 19. Qd1 Rb8 20. f4 b5
21. f5 Qc8 22. cxb5 Qb7 23. a4 Nxb5 24. axb5 Bxb5 25. Bxb5 Qxb5 26. b3 Qd3 27. fxg6 Qe3+ 28. Kh1 fxg6 29. Re1 Qf4 30. Nhf3 Rbd8
31. b4 d5 32. Qb3 Kg7 33. Rc7+ Rf7 34. Rxf7+ Kxf7 35. exd5 e4 36. Qe3 Nxd5 37. Qxa7+ Kg8 38. Rxe4 Qb8 39. Qa2 Kg7 40. Qb2+ Kg8
41. Ng5 Re8 42. Qb3 Re5 43. Ngf3 Rf5 44. Nh4 Rg5 45. Qa4 Nf6 46. Qb3+ Kg7 47. Re7+ Kh6 48. Qf7 Qd6 49. Ne4 Qxb4 50. Qxf6 Qe1+
51. Kh2 Qxh4 52. Qg7+ Kh5 53. Qxh7#
1-0

[Event "Slow!!"]
[Site "SchemingMind.com"]
[Date "2011.06.19"]
[Round "-"]
[White "Majoanis"]
[Black "jtrochez1"]
[Result "0-1"]
[WhiteCountry "CAN"]
[BlackCountry "HON"]
[WhiteElo "1546"]
[WhiteRD "74"]
[BlackElo "1592"]
[BlackRD "49"]
[GameID "287083"]

1. c4 b6 2. Nf3 Nc6 3. g3 Bb7 4. Bg2 e6 5. O-O Bc5 6. d4 Bd6 7. Nc3 a6 8. e4 Bb4 9. Qc2 Bxc3 10. Qxc3 Nge7
0-1

[Event "Slow!!"]
[Site "SchemingMind.com"]
[Date "2011.06.20"]
[Round "-"]
[White "tyler_ensor"]
[Black "jtrochez1"]
[Result "0-1"]
[WhiteCountry "CAN"]
[BlackCountry "HON"]
[WhiteElo "1663"]
[WhiteRD "58"]
[BlackElo "1571"]
[BlackRD "53"]
[GameID "287084"]

1. d4 d5 2. c4 e6 3. Nc3 c6 4. cxd5 exd5 5. Bf4 Bd6 6. Bxd6 Qxd6 7. Qc2 Nf6 8. e3 Be6 9. Nf3 Nbd7 10. Rc1 g6
11. Bd3 O-O 12. O-O Rfe8 13. h3 Kg7 14. Rfe1 Nf8 15. a4 Rac8 16. Rb1 a5 17. Nd2 b6 18. e4 dxe4 19. Ndxe4 Nxe4 20. Rxe4 Bf5
21. Rxe8 Bxd3 22. Qxd3 Rxe8 23. d5 Ne6 24. Rd1 Nf4
0-1

[Event "Slow!!"]
[Site "SchemingMind.com"]
[Date "2011.06.24"]
[Round "-"]
[White "emvarela"]
[Black "jtrochez1"]
[Result "1/2-1/2"]
[WhiteCountry "ARG"]
[BlackCountry "HON"]
[WhiteElo "1787"]
[WhiteRD "47"]
[BlackElo "1625"]
[BlackRD "51"]
[GameID "287085"]

1. e4 e5 2. Nf3 Nc6 3. d4 exd4 4. c3 d6 5. Bc4 h6 6. Nxd4 Ne5 7. Bb3 Nf6 8. O-O Bd7 9. Bf4 Qe7 10. Bxe5 dxe5
11. Nf3 O-O-O 12. Nbd2 Bg4 13. Qe2 Bh5 14. Qe3 Qc5 15. Qxc5 Bxc5 16. Nc4 Nxe4 17. Nfxe5 f6 18. Nf3 Bxf3 19. gxf3 Nd6 20. Nxd6+ Rxd6
21. Rad1 Rxd1 22. Rxd1 Re8=
1/2-1/2

[Event "Slow!!"]
[Site "SchemingMind.com"]
[Date "2011.06.20"]
[Round "-"]
[White "abdre1"]
[Black "jtrochez1"]
[Result "1-0"]
[WhiteCountry "USA"]
[BlackCountry "HON"]
[WhiteElo "1703"]
[WhiteRD "109"]
[BlackElo "1425"]
[BlackRD "60"]
[GameID "287086"]

1. c4 c6 2. e4 d5 3. Nc3 d4 4. Nce2 e5 5. d3 c5 6. Nf3 Nc6 7. g3 Be7 8. Bg2 Bd7 9. O-O Bf6 10. Bd2 Nge7
11. a3 Ng6 12. Rb1 a5 13. b4 b6 14. Rb3 a4 15. Rb2 Be7 16. bxc5 Bxc5 17. Nc1 Bxa3 18. Ra2 Qe7 19. Ra1 Na5 20. Rb1 Nb3
21. Nxb3 Bd6 22. Na1 Bc5 23. Rb2 O-O 24. Qc2 a3 25. Ra2 Ba4 26. Qc1 f6 27. Nc2 Bxc2 28. Qxc2 Ra7 29. Rb1 f5 30. Ng5 f4
31. h4 h6 32. Nf3 fxg3 33. fxg3 Qd6 34. Rb3 Ne7 35. Qb1 Nc6 36. Bc1 Rb8 37. Bh3 Ne7 38. Be6+ Qxe6= 39. Bxa3 Rxa3 40. Rbxa3 Bxa3
41. Rxa3 Qd6 42. Rb3 Ng6 43. Rb5 Qc7 44. Qb3 Kh7 45. c5 Nf8 46. cxb6 Qc1+ 47. Kg2 Ng6 48. Nxe5 Nxe5 49. Rxe5 Qd2+ 50. Kh3 Qe1
51. Qb2 Qh1+ 52. Qh2 Qf1+ 53. Qg2 Qxd3 54. Re6 Qc4 55. Rd6 d3 56. e5
1-0

[Event "Slow!!"]
[Site "SchemingMind.com"]
[Date "2011.06.22"]
[Round "-"]
[White "Francisco Aquino"]
[Black "jtrochez1"]
[Result "1-0"]
[WhiteCountry "BRA"]
[BlackCountry "HON"]
[WhiteElo "1758"]
[WhiteRD "79"]
[BlackElo "1619"]
[BlackRD "51"]
[GameID "287242"]

1. e4 e5 2. Nf3 Nc6 3. Bb5 d6 4. d4 exd4 5. Nxd4 Bd7 6. Nc3 Nge7 7. Bg5 a6 8. Bxc6 bxc6 9. Qf3 g6 10. Bf6 Rg8
11. O-O-O Bg7 12. e5 d5 13. Rhe1 c5 14. Nb3 c6 15. Nxc5 Qc8 16. h3 Be6 17. Bxg7 Rxg7 18. Qf6 Rg8 19. N3a4 Rb8 20. Re3 Nf5
21. Rf3 h5 22. g4 Ng7 23. Nxe6 Qxe6 24. Nc5 Qxf6 25. Rxf6 Rb6 26. Na4 Rb5 27. Rxc6 Kd7 28. Rxa6 Rgb8 29. b3 Ne6 30. Ra7+ Ke8
31. Nc3 R5b7 32. Rxb7 Rxb7 33. Nxd5 hxg4 34. Nf6+ Ke7 35. hxg4 Rb5 36. Nd5+ Kf8 37. a4 Rc5 38. f4 Ra5 39. f5 gxf5 40. gxf5 Ng7
41. f6 Ne8 42. Kb2 Ra7 43. Nb6 Kg8 44. Rd8
1-0

[Event "Slow!!"]
[Site "SchemingMind.com"]
[Date "2011.06.21"]
[Round "-"]
[White "Francisco Aquino"]
[Black "tyler_ensor"]
[Result "1-0"]
[WhiteCountry "BRA"]
[BlackCountry "CAN"]
[WhiteElo "1790"]
[WhiteRD "72"]
[BlackElo "1663"]
[BlackRD "58"]
[GameID "287244"]

1. e4 c5 2. Nf3 e6 3. d4 cxd4 4. Nxd4 a6 5. Nc3 Qc7 6. Be2 Nc6 7. Be3 Nf6 8. Qd2 Bb4 9. Bf3 Ne5 10. O-O-O Nc4
11. Qd3 Nxe3 12. Qxe3 Bxc3 13. Qxc3 Qxc3 14. bxc3 Ke7 15. Rhe1 Rb8 16. e5 Ne8 17. Nb3 b6 18. Rd2 Bb7 19. Red1 Bxf3 20. gxf3 Rd8
21. Nd4
1-0

[Event "Slow!!"]
[Site "SchemingMind.com"]
[Date "2011.06.26"]
[Round "-"]
[White "Francisco Aquino"]
[Black "emvarela"]
[Result "0-1"]
[WhiteCountry "BRA"]
[BlackCountry "ARG"]
[WhiteElo "1752"]
[WhiteRD "69"]
[BlackElo "1797"]
[BlackRD "49"]
[GameID "287245"]

1. e4 e5 2. Nf3 Nc6 3. Bb5 a6 4. Ba4 Nf6 5. O-O Be7 6. Bxc6 dxc6 7. Re1 O-O 8. Nxe5 Re8 9. Nc3 Bd6 10. Nc4 Bxh2+
11. Kf1 Qd4 12. Ne3 Nxe4 13. Nxe4 Rxe4 14. d3 Rh4 15. Qf3 Rf4 16. Qh5 Rh4 17. Nc4 Be6 18. Be3 Rxh5 19. Bxd4 Bd6 20. Nxd6 Rh1+
21. Ke2 Rxe1+ 22. Kxe1 cxd6 23. Ke2= c5 24. Bc3 b5 25. b3 b4 26. Bd2 Re8 27. Re1 Bxb3+ 28. Kd1 Rxe1+ 29. Bxe1 Bxa2 30. Kc1 Bd5
31. g3 a5 32. Kb2 f6 33. c3 bxc3+ 34. Bxc3 a4 35. Ka3 Bb3 36. d4 Kf7 37. dxc5 dxc5 38. Bd2 g5 39. Be3 c4 40. Kb4 h5
41. Kc5 Ke6 42. Bd4 h4 43. gxh4 gxh4 44. f3 h3 45. Bg1 a3
0-1

[Event "Slow!!"]
[Site "SchemingMind.com"]
[Date "2011.06.21"]
[Round "-"]
[White "Francisco Aquino"]
[Black "abdre1"]
[Result "1-0"]
[WhiteCountry "BRA"]
[BlackCountry "USA"]
[WhiteElo "1795"]
[WhiteRD "70"]
[BlackElo "1837"]
[BlackRD "109"]
[GameID "287246"]

1. e4 c5 2. Nf3 Nc6 3. d4 cxd4 4. Nxd4 e5 5. Nxc6 bxc6 6. Bc4 Nf6 7. Bg5 Be7 8. Nc3 Bb7 9. Qd3 O-O 10. O-O-O Bc8
11. Rd2 Qc7 12. Rhd1 Rd8 13. g3 h6 14. Be3 c5 15. f3 Qc6 16. Nd5 Qe6 17. Nc7 Qc6 18. Nxa8 Bb7 19. Bb5 c4 20. Bxc6 cxd3
21. Bxb7 d6 22. Rxd3 Ne8 23. Rc3 Rd7 24. Bd5 Nf6 25. Rc8+ Rd8 26. Rxd8+ Bxd8 27. Bxa7 g6 28. Nb6 Kg7 29. Nc4 Ne8 30. Bc6 Bg5+
31. Be3 Bxe3+ 32. Nxe3 Nf6 33. Rxd6 h5 34. a4 Nh7 35. a5 Nf8 36. a6 Ne6 37. Rxe6 fxe6 38. a7 g5 39. a8=Q h4 40. Ng4 hxg3
41. Qb7+ Kf8 42. Nxe5 Kg8 43. Qf7+ Kh8 44. Ng6#
1-0

[Event "Slow!!"]
[Site "SchemingMind.com"]
[Date "2011.06.23"]
[Round "-"]
[White "jtrochez1"]
[Black "Francisco Aquino"]
[Result "0-1"]
[WhiteCountry "HON"]
[BlackCountry "BRA"]
[WhiteElo "1619"]
[WhiteRD "51"]
[BlackElo "1758"]
[BlackRD "79"]
[GameID "287247"]

1. e4 e5 2. Nf3 Nc6 3. d4 exd4 4. Nxd4 Nf6 5. Nc3 Bb4 6. Nxc6 Bxc3+ 7. bxc3 bxc6 8. Bd3 d5 9. e5 Nd7 10. e6 fxe6
11. Qh5+ Kf8 12. Bg5 Nf6 13. Bxh7 Nxh5 14. Bxd8 Rxh7 15. Bxc7 Ba6 16. Bd6+ Kf7 17. Rb1 Nf6 18. f3 Rd8 19. Bc5 Nd7 20. Be3 c5
21. h3 e5 22. a4 d4 23. cxd4 cxd4 24. Bg5 Rc8 25. Kd2 Kg6 26. h4 Nf6 27. Bxf6 gxf6 28. g4 Rhc7 29. h5+ Kg5 30. Rhc1 Kf4
31. Rb3 Rb7 32. Ra3 Rbc7 33. a5 Rc3 34. Rxc3 Rxc3 35. Rh1 Kxf3 36. h6 Rc8 37. h7 Rh8 38. Rh6 Kxg4 39. Rxf6 Bb5 40. Rf7 a6
41. Ke1 e4 42. Kf2 e3+ 43. Ke1 e2 44. Kd2 Kg5 45. Rg7+ Kh6 46. Rg4 Rxh7 47. Rxd4 Re7 48. Ke1 Rc7 49. Kd2 Rxc2+ 50. Ke1 Rc1+
0-1

[Event "Slow!!"]
[Site "SchemingMind.com"]
[Date "2011.06.21"]
[Round "-"]
[White "tyler_ensor"]
[Black "Francisco Aquino"]
[Result "0-1"]
[WhiteCountry "CAN"]
[BlackCountry "BRA"]
[WhiteElo "1663"]
[WhiteRD "58"]
[BlackElo "1790"]
[BlackRD "72"]
[GameID "287249"]

1. b3 e5 2. Bb2 Nc6 3. e3 Nf6 4. Bb5 Be7 5. Bxc6 bxc6 6. Bxe5 d5 7. Nf3 Bg4 8. h3 Bh5 9. d4 O-O 10. c4 Re8
11. O-O Nd7 12. Bh2 Bd6 13. Bxd6 cxd6 14. cxd5 cxd5 15. Nbd2 Nf6 16. g4 Bg6 17. Qe2 Ne4 18. Rac1 Qf6 19. Nxe4 Bxe4 20. Nd2 Qh4
21. Kh2 Re6
0-1

[Event "Slow!!"]
[Site "SchemingMind.com"]
[Date "2011.06.26"]
[Round "-"]
[White "emvarela"]
[Black "Francisco Aquino"]
[Result "1/2-1/2"]
[WhiteCountry "ARG"]
[BlackCountry "BRA"]
[WhiteElo "1774"]
[WhiteRD "47"]
[BlackElo "1724"]
[BlackRD "72"]
[GameID "287250"]

1. e4 e5 2. Nf3 Nc6 3. d4 d6 4. Bb5 Bd7 5. Nc3 Nf6 6. O-O Be7 7. Re1 O-O 8. Bxc6 bxc6 9. dxe5 dxe5 10. Nxe5 Bd6
11. Nxd7 Nxd7 12. Be3 Qh4 13. g3 Qh3 14. Qf3 Nf6 15. Qg2 Qxg2+ 16. Kxg2 Rfe8 17. f3 Bb4 18. Red1 Bxc3= 19. bxc3 h6 20. Rd3 Reb8
21. c4 Rb2 22. Rc3 a6 23. Bc1 Rb7 24. Rb3 Rb6 25. Bf4 Rc8 26. Rab1 Nd7 27. Rxb6 cxb6 28. Rd1=
1/2-1/2

[Event "Slow!!"]
[Site "SchemingMind.com"]
[Date "2011.06.21"]
[Round "-"]
[White "abdre1"]
[Black "Francisco Aquino"]
[Result "0-1"]
[WhiteCountry "USA"]
[BlackCountry "BRA"]
[WhiteElo "1715"]
[WhiteRD "112"]
[BlackElo "1745"]
[BlackRD "68"]
[GameID "287251"]

1. c4 e5 2. Nc3 Nf6 3. d3 Bb4 4. e4 O-O 5. Nf3 Bxc3+ 6. bxc3 d6 7. g3 Bg4 8. Bg2 h6 9. O-O Nc6 10. Be3 Re8
11. Qd2 Kh7 12. d4 Bxf3 13. Bxf3 Qe7 14. d5 Nd8 15. Qc1 c6 16. c5 dxc5 17. c4 cxd5 18. cxd5 Rc8 19. Qa3 b6 20. Rfd1 Ra8
21. Rd2 Qd6 22. Qc3 Nb7 23. a4 Nd7 24. Rb2 Qf6 25. Kg2 Qd6 26. Be2 Red8 27. Bd2 Nf6 28. Bf3 Rd7= 29. Qc2 Nd8 30. a5 Rb8
31. h3 Ne8 32. Qa4 Nf6 33. Qa3 Rbb7 34. Rab1 g5 35. g4 Ne8 36. Be2 f6 37. Qf3 Ng7 38. Ba6 Rb8 39. Qa3 Nf7 40. Bc8 Rxc8
41. axb6 axb6 42. Rxb6 Qe7 43. Be3 Ra7 44. Ra6 Rac7 45. Rbb6 Ne8 46. Re6 Qd8 47. Rec6 Rxc6 48. Rxc6 Rxc6 49. dxc6 Qc7 50. f3 Ned6
51. Qxc5 Nd8 52. Qb6 Qxb6 53. Bxb6 Nxc6 54. Bc5= Nb5 55. Kf2 Kg6 56. Ke2 h5 57. Ke3 hxg4 58. hxg4 Kf7 59. Kd3 Nbd4 60. Ke3 Ke6
61. Bxd4 exd4+ 62. Kd3 Ke5 63. Ke2 Kf4 64. Kf2 Ne5 65. Ke2 Nxf3 66. Kd3 Ke5 67. Ke2 Kxe4 68. Kf2 d3 69. Kf1 Ke3 70. Kg2 d2
71. Kf1 d1=Q+ 72. Kg2 Qg1+ 73. Kh3 Qh2#
0-1